000 00355nam a2200133Ia 4500
008 240624s9999 xx 000 0 und d
041 _aeng
082 _a658.827 WEI
100 _aWEILBACHER WILLIAM M
245 _aBRAND MARKETING BUILDING WINNING BRAND S
260 _c1993
_aUSA
_bNTC Business Books
300 _axv, : 210 : p. : cm. ; 25
365 _cRS
999 _c1100
_d1100